Psicología de la salud y calidad de vida (Registro nro. 11939)

Detalles MARC
000 -CABECERA
campo de control de longitud fija 01100nam a22003857a 4500
005 - FECHA Y HORA DE ACTUALIZACIÓN
campo de control 20190524094551.0
008 - LONGITUD FIJA
campo de control de longitud fija 190524b xxu||||| |||| 00| 0 spa d
020 ## - INTERNATIONAL STANDARD BOOK NUMBER
Número Internacional Estándar del Libro 9786075262895
041 ## - IDIOMA
Código de idioma del texto/pista de sonido o título separado
082 ## - CLASIFICACIÓN DECIMAL DEWEY
Número de clasificación 155 O12p4
100 ## - AUTOR PERSONAL
Nombre de persona Oblitas Guadalupe, Luis A
245 ## - TÍTULO PROPIAMENTE DICHO
Título Psicología de la salud y calidad de vida
260 ## - PIE DE IMPRENTA
Lugar de publicación, distribución, etc. México
260 ## - PIE DE IMPRENTA
Nombre del editor, distribuidor, etc. Cengage Learning
260 ## - PIE DE IMPRENTA
Fecha de publicación, distribución, etc. 2017
300 ## - DESCRIPCIÓN FÍSICA
Extensión 430 páginas
650 ## - Materia General
Materia general PSICOLOGÍA DEL DESARROLLO
650 ## - Materia General
Materia general PSICOLOGÍA DE LA SALUD
650 ## - Materia General
Materia general COMPORTAMIENTO
650 ## - Materia General
Materia general CONDUCTA DE LA SALUD
650 ## - Materia General
Materia general FACTORES DE RIESGO
650 ## - Materia General
Materia general ANSIEDAD
650 ## - Materia General
Materia general ENFERMEDAD
650 ## - Materia General
Materia general ESTILO DE VIDA
650 ## - Materia General
Materia general CALIDAD DEL SUEÑO
650 ## - Materia General
Materia general ALIMENTACIÓN SANA
650 ## - Materia General
Materia general ESTRÉS
650 ## - Materia General
Materia general ABUSO DE DROGAS
650 ## - Materia General
Materia general SIDA
650 ## - Materia General
Materia general COGNICIÓN SOCIAL
650 ## - Materia General
Materia general HOSTILIDAD
650 ## - Materia General
Materia general PSICOFISIOLOGÍA
650 ## - Materia General
Materia general HIPOCONDRÍA
942 ## - Punto de Acceso Adicional Koha
Tipo de ítem Koha Libro
Existencias
Estado perdido Estado dañado No para préstamo Biblioteca permanente Biblioteca actual Signatura completa Código de barras Precio efectivo a partir del Tipo de ítem
      Departamento de Biblioteca y Documentación Alfonso Chase Brenes Departamento de Biblioteca y Documentación Alfonso Chase Brenes 155 O12p4 24276 24/05/2019 Libro
      Departamento de Biblioteca y Documentación Alfonso Chase Brenes Departamento de Biblioteca y Documentación Alfonso Chase Brenes 155 O12p4 24461 28/05/2019 Libro